Statistics for Tri-State Borders

Click here to take the quiz!

General Stats

  • This quiz has been taken 33 times
  • The average score is 22 of 36

Answer Stats

Answer% Correct
Connecticut Massachusetts Rhode Island
100%
Idaho-Nevada-Utah
81%
Arizona-Nevada-Utah
72%
Alabama-Florida-Georgia
69%
Arkansas-Oklahoma-Texas
69%
Connecticut-Massachusetts-New York
69%
Iowa-Minnesota-South Dakota
69%
Montana-South Dakota-Wyoming
69%
Colorado-Nebraska-Wyoming
66%
Kentucky-Tennessee-Virginia
66%
Maryland-Pennsylvania-West Virginia
66%
Massachusetts-New York-Vermont
66%
Nebraska-South Dakota-Wyoming
66%
North Carolina-Tennessee-Virginia
66%
Arkansas-Louisiana-Texas
63%
Idaho-Nevada-Oregon
63%
Massachusetts-New Hampshire-Vermont
63%
New Mexico-Oklahoma-Texas
63%
Alabama-Georgia-Tennessee
59%
Arkansas-Louisiana-Mississippi
59%
Delaware-Maryland-Pennsylvania
59%
Georgia-North Carolina-Tennessee
59%
Idaho-Montana-Wyoming
59%
Kentucky-Virginia-West Virginia
59%
New Jersey-New York-Pennsylvania
59%
Arkansas-Missouri-Oklahoma
56%
Colorado-Kansas-Nebraska
56%
Colorado-Utah-Wyoming
56%
Indiana-Michigan-Ohio
56%
Arizona-Colorado-New Mexico-Utah
53%
Idaho-Utah-Wyoming
53%
Kansas-Missouri-Oklahoma
53%
Colorado-New Mexico-Oklahoma
50%
Montana-North Dakota-South Dakota
50%
California-Nevada-Oregon
44%
Colorado-Kansas-Oklahoma
44%

Score Distribution

Percentile by Number Answered

Percent of People with Each Score

Your Score History

You have not taken this quiz